Ovinas 2 - Statistiques

Statistiques générales
  • Ce quiz a été pris 10 fois
  • Le résultat moyen est 6 sur 15
Statistiques - réponses
Par images Réponse % Correct
Border Leicester
100%
Dorset down
100%
Hampshire down
100%
Lincoln
100%
Lincoln
100%
Romney March
100%
Suffolk
100%
Texel
100%
Merino australiano
50%
Salz
50%
Scottish blackface
50%
Awassi
0%
Awassi
0%
Border Leicester
0%
Cheviot
0%
Cheviot
0%
Corriedale
0%
Corriedale
0%
Costwold
0%
Costwold
0%
Hampshire down
0%
Karakul
0%
Karakul
0%
Landrace finesa
0%
Landrace finesa
0%
Merino australiano
0%
Merino de Ramboullet
0%
Merino de Ramboullet
0%
Milchschaf
0%
Milchschaf
0%
Oxfordshire down
0%
Romanov
0%
Romanov
0%
Romney March
0%
Scottish blackface
0%
Shropshire down
0%
Shropshire down
0%
Southdown
0%
Southdown
0%
Suffolk
0%
Texel
0%
Aucun quiz correspondant
Distribution des résultats
% des personnes avec chaque résultat
Percentile par nombre de réponses
Votre historique - résultats
Vous n’avez pas pris ce quiz